Valuation of commercial property for secured lending: a CPD study pack (Record no. 104545)

MARC details
000 -LEADER
fixed length control field 01353cam a2200313 4500
001 - CONTROL NUMBER
control field E130732
008 - FIXED-LENGTH DATA ELEMENTS--GENERAL INFORMATION
fixed length control field 050826n2005 000 0 eng u
020 ## - INTERNATIONAL STANDARD BOOK NUMBER
International Standard Book Number 1904388418
035 ## - SYSTEM CONTROL NUMBER
System control number (Sirsi) u130732
041 ## - LANGUAGE CODE
Language code of text/sound track or separate title eng
050 ## - LIBRARY OF CONGRESS CALL NUMBER
Classification number 333.332
-- 18
100 ## - MAIN ENTRY--PERSONAL NAME
Personal name Brunsdon, Mark
245 ## - TITLE STATEMENT
Title Valuation of commercial property for secured lending: a CPD study pack
250 ## - EDITION STATEMENT
Edition statement 3rd
260 ## - PUBLICATION, DISTRIBUTION, ETC.
Place of publication, distribution, etc. Reading
Name of publisher, distributor, etc. College of Estate Management
Date of publication, distribution, etc. 2005
300 ## - PHYSICAL DESCRIPTION
Extent 42p. ; 30cm.
350 ## - PRICE (NR) (BK AM CF MU VM SE) [OBSOLETE]
Price 36.00
520 ## - SUMMARY, ETC.
Summary, etc. Summarises the requirements of the RICS Appraisal and Valuation Standards (the 'Red Book') 5th Edition concerning the valuation of commercial property for secured lending. It sets out the context and requirements on the valuer, and gives an insight to the key requirements of the lender, insofar as valuation advice is concerned. It also summarises different valuation methodology and their application. No audio programme is provided.
520 ## - SUMMARY, ETC.
Summary, etc. Supersedes 2nd ed 2003 (ISBN 1904388078)
590 ## - LOCAL NOTE (RLIN)
Local note IKA270905
650 ## - SUBJECT ADDED ENTRY--TOPICAL TERM
Topical term or geographic name entry element PROPERTY-COMMERCIAL PROPERTY
650 24 - SUBJECT ADDED ENTRY--TOPICAL TERM
Topical term or geographic name entry element RICS appraisal and valuation standards
650 ## - SUBJECT ADDED ENTRY--TOPICAL TERM
Topical term or geographic name entry element REPORTING REQUIREMENTS
650 ## - SUBJECT ADDED ENTRY--TOPICAL TERM
Topical term or geographic name entry element SECURED LENDING
690 ## - LOCAL SUBJECT ADDED ENTRY--TOPICAL TERM (OCLC, RLIN)
Topical term or geographic name as entry element BUILT ENVIRONMENT-QUANTITY SURVEYING-CONSTRUCTION VALUATION
710 ## - ADDED ENTRY--CORPORATE NAME
Corporate name or jurisdiction name as entry element College of Estate Management
9 (RLIN) 400
942 ## - ADDED ENTRY ELEMENTS (KOHA)
Suppress in OPAC 0
Holdings
Withdrawn status Lost status Source of classification or shelving scheme Damaged status Not for loan Home library Current library Shelving location Date acquired Cost, normal purchase price Total Checkouts Full call number Barcode Date last seen Date last checked out Copy number Cost, replacement price Price effective from Koha item type
    Dewey Decimal Classification     London London Enquiry desk 04/10/2005 35.95 27 ENQUIRY DESK 30071316 06/08/2019 16/07/2009 2 35.95 06/08/2019 Audio
    Dewey Decimal Classification     London London Enquiry desk 04/10/2005 35.95 43 ENQUIRY DESK 30071344 06/08/2019 16/03/2010 6 35.95 06/08/2019 Audio